[Event "K41 Foraars EMT Basisklassen 2008"]
[Site "Valby"]
[Date "2008.03.25"]
[Round "1"]
[White "Abildgaard, Kenneth"]
[Black "Eiholt, Bjarne"]
[Result "1-0"]
[WhiteElo "1617"]
[BlackElo "1331"]
[PlyCount "41"]
[EventDate "2008.??.??"]

1. e4 c6 2. d4 d5 3. exd5 cxd5 4. Nc3 Nf6 5. Bf4 Bf5 6. Bd3 Bxd3 7. Qxd3 Nc6 8.
Nf3 e6 9. Bg5 Be7 10. O-O-O O-O 11. h4 h6 12. Bd2 Nb4 13. Qe2 Rc8 14. a3 Nc6
15. Qd3 a6 16. Ne5 Nxe5 17. dxe5 Ng4 18. Qg3 d4 19. Qxg4 dxc3 20. Bxh6 cxb2+
21. Kb1 1-0

[Event "K41 Foraars EMT Basisklassen 2008"]
[Site "Valby"]
[Date "2008.03.25"]
[Round "1"]
[White "Hansen, Soren Otto"]
[Black "Pedersen, Egmont"]
[Result "1-0"]
[WhiteElo "1557"]
[BlackElo "1114"]
[PlyCount "61"]
[EventDate "2008.??.??"]

1. e4 c5 2. Nf3 d6 3. d4 cxd4 4. Nxd4 Nf6 5. Nc3 a6 6. Be3 e6 7. Qd2 b5 8. f3
Bb7 9. O-O-O Be7 10. g4 h6 11. h4 Nc6 12. Bg2 Qc7 13. Rdg1 O-O-O 14. Qf2 Nd7
15. Nxc6 Bxc6 16. Rd1 Kb8 17. Rd2 Kb7 18. Rhd1 Ne5 19. b3 f6 20. Ne2 Nf7 21.
Nd4 Bd7 22. f4 e5 23. Nf5 Bxf5 24. exf5+ Kb8 25. Bd5 Rdf8 26. Bb6 Qd7 27. Rd3
Bd8 28. Be6 Qb7 29. Bxd8 Nxd8 30. Rxd6 Nc6 31. Rd7 1-0

[Event "K41 Foraars EMT Basisklassen 2008"]
[Site "Valby"]
[Date "2008.03.25"]
[Round "1"]
[White "Kristensen, Steffen Michael"]
[Black "Hou, Mads"]
[Result "0-1"]
[WhiteElo "1139"]
[BlackElo "1564"]
[PlyCount "44"]
[EventDate "2008.??.??"]

1. e4 e5 2. Nf3 f5 3. Nc3 fxe4 4. Nxe4 d5 5. Ng3 Bd6 6. d3 Nc6 7. Bg5 Nf6 8.
Qd2 Bg4 9. Be2 h6 10. Bxf6 Qxf6 11. h3 Bd7 12. Nh5 Qf7 13. Ng3 O-O-O 14. O-O-O
g5 15. Kb1 d4 16. a3 Qd5 17. c4 dxc3 18. Qxc3 Be6 19. Kc1 Qa2 20. b4 e4 21.
Nxe4 Bf4+ 22. Nfd2 Nd4 0-1

[Event "K41 Foraars EMT Basisklassen 2008"]
[Site "Valby"]
[Date "2008.04.23"]
[Round "1"]
[White "Mikkelsen, Henning Peter"]
[Black "Hansen, John Laurids"]
[Result "1-0"]
[WhiteElo "1357"]
[BlackElo "1636"]
[PlyCount "51"]
[EventDate "2008.??.??"]

1. c4 e5 2. Nc3 Nf6 3. d3 Nc6 4. Nf3 Bb4 5. Bd2 d6 6. e3 O-O 7. a3 Bxc3 8. bxc3
e4 9. Nd4 Ne5 10. dxe4 Nxe4 11. Be2 Qh4 12. O-O Qg5 13. f4 Qg6 14. fxe5 dxe5
15. Nf3 Bh3 16. Nh4 Qg5 17. Rf3 Bg4 18. Rg3 Bxe2 19. Rxg5 Bxd1 20. Rxe5 Bc2 21.
Be1 Rfe8 22. Nf3 Rxe5 23. Nxe5 f6 24. Nf3 Rd8 25. Nd4 c5 26. Nxc2 1-0

[Event "K41 Foraars EMT Basisklassen 2008"]
[Site "Valby"]
[Date "2008.03.25"]
[Round "1"]
[White "Nielsen, Soren Skovso"]
[Black "Krogh, Soren"]
[Result "0-1"]
[WhiteElo "1600"]
[BlackElo "1173"]
[PlyCount "68"]
[EventDate "2008.??.??"]

1. b4 c6 2. Bb2 Qb6 3. a3 a5 4. e3 axb4 5. Bc4 d5 6. Bb3 Bf5 7. d3 Nd7 8. Nf3
Ngf6 9. O-O e6 10. a4 Bd6 11. Nbd2 Bb8 12. Re1 O-O 13. h3 c5 14. e4 Bg6 15.
exd5 exd5 16. Ne5 Bxe5 17. Bxe5 Nxe5 18. Rxe5 Qd6 19. Nf3 Bh5 20. g4 Bg6 21.
Qd2 h6 22. Rae1 Rac8 23. Qd1 Rfd8 24. R1e2 c4 25. dxc4 dxc4 26. Rd2 Qc7 27. Ba2
Be4 28. Rxd8+ Rxd8 29. Qe2 Bxf3 30. Qe3 Rd1+ 31. Kh2 Bd5 32. Qf4 Ra1 33. g5
Rh1+ 34. Kg3 Nh5+ 0-1

[Event "K41 Foraars EMT Basisklassen 2008"]
[Site "Valby"]
[Date "2008.03.25"]
[Round "1"]
[White "Wadtland, Flemming"]
[Black "Petersen, Jan Han Il Nam"]
[Result "0-1"]
[WhiteElo "1202"]
[BlackElo "1610"]
[PlyCount "82"]
[EventDate "2008.??.??"]

1. c4 c6 2. g3 Nf6 3. Bg2 e6 4. e3 d5 5. cxd5 cxd5 6. Qc2 Nc6 7. Ne2 Nb4 8. Qb3
Bd7 9. a3 Nc6 10. O-O Be7 11. d3 Na5 12. Qa2 Rc8 13. b4 Nc6 14. Nd2 O-O 15. Nb3
Ne5 16. Qd2 Bb5 17. d4 Nc4 18. Qd1 b6 19. Ra2 e5 20. Re1 h5 21. dxe5 Nxe5 22.
Nbd4 Bd7 23. Nf4 g6 24. Nxd5 Nxd5 25. Bxd5 Bh3 26. Be4 Rxc1 27. Qxc1 Nd3 28.
Bxd3 Qd5 29. Qc6 Qxa2 30. Nc2 Rc8 31. Qb7 Bf6 32. Qf3 Bc3 33. Rc1 Bg4 34. Qg2
Bd2 35. Ra1 Qb2 36. Qf1 Rxc2 37. Bxc2 Qxc2 38. Qb1 Qc3 39. Ra2 Bh3 40. Qc2 Qf6
41. Qxd2 Qf3 0-1

[Event "K41 Foraars EMT Basisklassen 2008"]
[Site "Valby"]
[Date "2008.04.01"]
[Round "2"]
[White "Eiholt, Bjarne"]
[Black "Kristensen, Steffen Michael"]
[Result "1/2-1/2"]
[WhiteElo "1331"]
[BlackElo "1139"]
[PlyCount "96"]
[EventDate "2008.??.??"]

1. d4 f5 2. c4 Nf6 3. Nc3 d5 4. Bg5 Nc6 5. Bxf6 exf6 6. cxd5 Nb4 7. e3 Nxd5 8.
Bd3 Be6 9. Nf3 Bb4 10. Qc2 g6 11. O-O Bxc3 12. bxc3 O-O 13. Rab1 Rb8 14. c4 Nb6
15. d5 Bf7 16. e4 fxe4 17. Bxe4 f5 18. Bd3 Qf6 19. Rfe1 Kg7 20. Ne5 Bg8 21. a4
Rfd8 22. Re2 Nd7 23. Rbe1 Nxe5 24. Rxe5 Bf7 25. R1e3 Re8 26. Qe2 Rxe5 27. Rxe5
Qg5 28. Qe1 Qf6 29. h3 Kf8 30. Qb4+ Qd6 31. Qc3 h5 32. c5 Qd7 33. Bc4 Re8 34.
Rxe8+ Qxe8 35. Bb5 c6 36. Qh8+ Bg8 37. Bc4 Qe1+ 38. Kh2 Qxf2 39. Qh6+ Ke8 40.
Qxg6+ Bf7 41. Qh6 Qd4 42. Qc1 Qe5+ 43. Kh1 Bxd5 44. Bxd5 Qxd5 45. a5 Qe4 46.
Qb2 Qe1+ 47. Kh2 Qe4 48. Qxb7 Qe5+ 1/2-1/2

[Event "K41 Foraars EMT Basisklassen 2008"]
[Site "Valby"]
[Date "2008.04.01"]
[Round "2"]
[White "Hansen, John Laurids"]
[Black "Nielsen, Soren Skovso"]
[Result "1/2-1/2"]
[WhiteElo "1636"]
[BlackElo "1600"]
[PlyCount "105"]
[EventDate "2008.??.??"]

1. e4 c5 2. Nf3 Nc6 3. d4 cxd4 4. Nxd4 d6 5. c4 Nf6 6. Nc3 Bd7 7. Be2 e6 8. O-O
a6 9. Be3 Nxd4 10. Bxd4 Be7 11. f4 Bc6 12. Bf3 Qc7 13. Qd2 O-O 14. Rad1 Rac8
15. Qf2 Nd7 16. Rd2 Bf6 17. Be3 Bxc3 18. bxc3 Nf6 19. Bb6 Qe7 20. Qd4 e5 21.
Qxd6 Qxd6 22. Rxd6 exf4 23. e5 Ne4 24. Bxe4 Bxe4 25. Rd4 Bc6 26. Rdxf4 Bd7 27.
a3 Rc6 28. c5 Re6 29. Rd1 Bc6 30. Bc7 Rc8 31. Bd6 Rd8 32. Rfd4 Rde8 33. Bc7 h6
34. h3 f6 35. exf6 Rxf6 36. Rd8 Rfe6 37. Rxe8+ Rxe8 38. Rd8 Kf7 39. Rxe8 Bxe8
40. Kf2 Ke6 41. Ke3 Bc6 42. g3 Kd5 43. Bd6 h5 44. Kd3 Bb5+ 45. Kc2 g6 46. h4 b6
47. Bf8 bxc5 48. Be7 a5 49. Bd8 a4 50. Ba5 Kc4 51. Kb2 Bd7 52. Bb6 Bf5 53. Ba7
1/2-1/2

[Event "K41 Foraars EMT Basisklassen 2008"]
[Site "Valby"]
[Date "2008.04.01"]
[Round "2"]
[White "Hou, Mads"]
[Black "Abildgaard, Kenneth"]
[Result "1/2-1/2"]
[WhiteElo "1564"]
[BlackElo "1617"]
[PlyCount "136"]
[EventDate "2008.??.??"]

1. e4 e6 2. d4 d5 3. Nd2 Nc6 4. Ngf3 Bd7 5. Bb5 Nge7 6. O-O Ng6 7. exd5 exd5 8.
Nb3 a6 9. Re1+ Be7 10. Bxc6 Bxc6 11. Ne5 Nxe5 12. dxe5 Qd7 13. Nd4 O-O-O 14.
Bf4 g5 15. Bg3 Rdg8 16. e6 fxe6 17. Rxe6 Bc5 18. Rxc6 bxc6 19. Be5 Bd6 20. Qe2
Kb7 21. Bxh8 Rxh8 22. Re1 Rf8 23. Ne6 Rf5 24. Qe3 h6 25. g4 Rf6 26. h3 Rf7 27.
Nc5+ Bxc5 28. Qxc5 Rf6 29. Re7 Qd6 30. Qxd6 Rxd6 31. Kg2 Rf6 32. Kg3 c5 33. Re5
Kc6 34. Rf5 Re6 35. h4 gxh4+ 36. Kxh4 c4 37. f4 Kd6 38. g5 hxg5+ 39. fxg5 Re1
40. g6 Rh1+ 41. Kg5 Ke6 42. Rf2 Rg1+ 43. Kh6 Rh1+ 44. Kg7 Rg1 45. Rf6+ Ke7 46.
Rxa6 Rg2 47. Ra7 Rxc2 48. Rxc7+ Kd6 49. Rb7 Kc6 50. Rb8 Kc7 51. Rb4 d4 52. Kf7
d3 53. g7 Rf2+ 54. Ke6 Rg2 55. Rxc4+ Kb6 56. Rd4 Rxg7 57. Rxd3 Rc7 58. Rb3+ Ka5
59. Kd5 Rc2 60. Kd4 Ka4 61. Kd3 Rc8 62. Rc3 Rd8+ 63. Kc2 Rh8 64. a3 Rh2+ 65.
Kb1 Rh1+ 66. Ka2 Rh2 67. Rc4+ Kb5 68. Kb3 Rxb2+ 1/2-1/2

[Event "K41 Foraars EMT Basisklassen 2008"]
[Site "Valby"]
[Date "2008.04.01"]
[Round "2"]
[White "Krogh, Soren"]
[Black "Mikkelsen, Henning Peter"]
[Result "1/2-1/2"]
[WhiteElo "1173"]
[BlackElo "1357"]
[PlyCount "103"]
[EventDate "2008.??.??"]

1. b3 e5 2. Bb2 Nc6 3. e3 Bb4 4. Bb5 d6 5. Ne2 Bd7 6. c4 Qg5 7. Ng3 Nf6 8. Nc3
O-O 9. Qc2 a6 10. Bxc6 Bxc6 11. Qf5 Qg6 12. f3 Rad8 13. O-O-O Qh6 14. Qd3 b5
15. Nf5 Qg5 16. Ne7+ Kh8 17. Nxc6 Bxc3 18. Bxc3 bxc4 19. bxc4 Ra8 20. g4 Nd7
21. h4 Qg6 22. Qe2 Qe6 23. Nb4 Nb6 24. d3 Na4 25. Ba1 Qd7 26. h5 f6 27. Rh2 a5
28. Nd5 Rab8 29. h6 g6 30. f4 c6 31. Nc3 Nc5 32. Rf1 Rb4 33. f5 g5 34. d4 Na4
35. Ne4 Rfb8 36. Nc3 c5 37. Nb5 d5 38. Na3 cxd4 39. exd4 dxc4 40. dxe5 Nb2 41.
Bxb2 Rxb2 42. Qxb2 Rxb2 43. Rxb2 Qa7 44. Rd1 Qc7 45. Rd7 Qc8 46. Rbb7 Qg8 47.
exf6 c3 48. Rg7 c2 49. Rxh7+ Qxh7 50. Rxh7+ Kxh7 51. f7 a4 52. f8=Q 1/2-1/2

[Event "K41 Foraars EMT Basisklassen 2008"]
[Site "Valby"]
[Date "2008.04.01"]
[Round "2"]
[White "Pedersen, Egmont"]
[Black "Wadtland, Flemming"]
[Result "1/2-1/2"]
[WhiteElo "1114"]
[BlackElo "1202"]
[PlyCount "53"]
[EventDate "2008.??.??"]

1. Nf3 c5 2. c4 e6 3. Nc3 Nc6 4. d4 cxd4 5. Nxd4 a6 6. e4 Qc7 7. Be3 g6 8. Be2
Bg7 9. Rc1 b6 10. f3 Nge7 11. O-O e5 12. Nc2 O-O 13. a3 d6 14. b4 f5 15. Nd5
Nxd5 16. cxd5 Ne7 17. Nd4 Qd7 18. Nc6 f4 19. Nxe7+ Qxe7 20. Bxb6 Qg5 21. Kh1 h5
22. Bf2 Rf7 23. Qe1 Qh6 24. Rc6 g5 25. Qc1 Bb7 26. Rc7 Qf6 27. Qc2 1/2-1/2

[Event "K41 Foraars EMT Basisklassen 2008"]
[Site "Valby"]
[Date "2008.04.01"]
[Round "2"]
[White "Petersen, Jan Han Il Nam"]
[Black "Hansen, Soren Otto"]
[Result "1-0"]
[WhiteElo "1610"]
[BlackElo "1557"]
[PlyCount "57"]
[EventDate "2008.??.??"]

1. e4 e5 2. Nf3 Nc6 3. Bb5 a6 4. Ba4 Nf6 5. O-O Be7 6. Re1 b5 7. Bb3 O-O 8. c3
d6 9. h3 Na5 10. Bc2 c5 11. d3 Bb7 12. a4 Nc6 13. Na3 b4 14. Nc4 a5 15. Bg5 Ba6
16. Ne3 h6 17. Bh4 Nd7 18. Bxe7 Nxe7 19. Bb3 Nb6 20. Nh4 Qd7 21. Nef5 Nxf5 22.
Nxf5 Qd8 23. Re3 Bc8 24. cxb4 cxb4 25. d4 Bxf5 26. exf5 Re8 27. f6 g6 28. Qg4
Qd7 29. Qxg6+ 1-0

[Event "K41 Foraars EMT Basisklassen 2008"]
[Site "Valby"]
[Date "2008.04.08"]
[Round "3"]
[White "Abildgaard, Kenneth"]
[Black "Petersen, Jan Han Il Nam"]
[Result "1-0"]
[WhiteElo "1617"]
[BlackElo "1610"]
[PlyCount "111"]
[EventDate "2008.??.??"]

1. c4 Nf6 2. Nf3 g6 3. g3 d5 4. Bg2 Bg7 5. O-O O-O 6. cxd5 Nxd5 7. Nc3 c6 8.
Qc2 e5 9. d3 h6 10. Bd2 Be6 11. Ne4 Nd7 12. Qc1 Kh7 13. Nc5 Nxc5 14. Qxc5 Qd7
15. Rac1 f5 16. Rc2 f4 17. Rfc1 Bh3 18. Ne1 Bxg2 19. Nxg2 Qh3 20. d4 Rf5 21.
Nh4 fxg3 22. fxg3 Rg5 23. Bxg5 hxg5 24. Nf3 Bf6 25. dxe5 Bd8 26. Rc4 g4 27. Qf2
gxf3 28. Qxf3 Bb6+ 29. Kh1 Kg7 30. Rf1 Qe6 31. Rh4 Ne3 32. Qf6+ Qxf6 33. exf6+
Kf7 34. Rf3 Rd8 35. Rh7+ Kg8 36. Rg7+ Kh8 37. h4 Rd1+ 38. Kh2 Ng4+ 39. Kh3 Nxf6
40. Rxg6 Rh1+ 41. Kg2 Rg1+ 42. Kh3 Rh1+ 43. Kg2 Rg1+ 44. Kh2 Ne4 45. Re6 Nd2
46. Rd3 Nf1+ 47. Kh3 Kg7 48. Re7+ Kf6 49. Rxb7 Be3 50. Rxe3 Nxe3 51. Kh2 Rg2+
52. Kh3 Rxe2 53. Rxa7 Nf1 54. Ra3 Kg6 55. Rc3 Kf5 56. Rf3+ 1-0

[Event "K41 Foraars EMT Basisklassen 2008"]
[Site "Valby"]
[Date "2008.04.08"]
[Round "3"]
[White "Krogh, Soren"]
[Black "Hou, Mads"]
[Result "1-0"]
[WhiteElo "1173"]
[BlackElo "1564"]
[PlyCount "67"]
[EventDate "2008.??.??"]

1. Nf3 d5 2. c4 c6 3. d4 Nf6 4. Nc3 e6 5. Bg5 Nbd7 6. Rc1 h6 7. Bh4 dxc4 8. e4
Be7 9. Bxc4 Nb6 10. Bd3 Bd7 11. O-O Ng4 12. Bxe7 Qxe7 13. e5 h5 14. Ne4 Nc8 15.
Qb3 b6 16. a4 Rg8 17. Ba6 f5 18. Neg5 Rb8 19. Rfd1 Nh6 20. Bf1 Nf7 21. h4 b5
22. Rc5 Nb6 23. axb5 cxb5 24. Rdc1 a6 25. Rc7 Nd5 26. R7c2 Rh8 27. Rc5 Rh6 28.
Qc2 Rg6 29. Qd2 Nd8 30. b4 Nf7 31. Bd3 Nh6 32. g3 Kd8 33. Qa2 Nxb4 34. Qa5+ 1-0

[Event "K41 Foraars EMT Basisklassen 2008"]
[Site "Valby"]
[Date "2008.04.08"]
[Round "3"]
[White "Mikkelsen, Henning Peter"]
[Black "Eiholt, Bjarne"]
[Result "0-1"]
[WhiteElo "1357"]
[BlackElo "1331"]
[PlyCount "124"]
[EventDate "2008.??.??"]

1. c4 e5 2. Nc3 Nf6 3. d3 Bc5 4. Bg5 c6 5. e3 O-O 6. Nf3 Re8 7. Qc2 d5 8. cxd5
cxd5 9. Be2 Nc6 10. a3 Be7 11. O-O Be6 12. Rac1 Rc8 13. Qd2 Na5 14. Bd1 Bg4 15.
Nxe5 Bf5 16. f4 d4 17. Ne2 dxe3 18. Qxe3 Qd5 19. Qg3 Nb3 20. Bxf6 Bxf6 21. Rc3
Nd2 22. Rxc8 Rxc8 23. Re1 Nb3 24. Nc3 Qc5+ 25. Kh1 Nd4 26. Ne4 Bxe4 27. dxe4
Rd8 28. Ng4 Qe7 29. Nxf6+ Qxf6 30. e5 Qb6 31. b4 Nf5 32. Qg5 Qd4 33. Bb3 Qd2
34. Rg1 Qd7 35. h4 h6 36. Qg4 Qd3 37. Qh3 Qe4 38. Rf1 Rd3 39. Rf3 Rxf3 40. Qxf3
Qe1+ 41. Kh2 Qxh4+ 42. Kg1 Nd4 43. Bxf7+ Kxf7 44. Qxb7+ Qe7 45. Qd5+ Ne6 46. f5
a6 47. Kf2 g6 48. fxe6+ Qxe6 49. Qxe6+ Kxe6 50. Ke3 Kxe5 51. a4 Kd5 52. Kd3 h5
53. a5 Kc6 54. Kc4 g5 55. b5+ axb5+ 56. Kb4 h4 57. a6 Kb6 58. a7 Kxa7 59. Kxb5
g4 60. Kc4 h3 61. Kd3 hxg2 62. Ke2 g1=Q 0-1

[Event "K41 Foraars EMT Basisklassen 2008"]
[Site "Valby"]
[Date "2008.04.08"]
[Round "3"]
[White "Nielsen, Soren Skovso"]
[Black "Pedersen, Egmont"]
[Result "1-0"]
[WhiteElo "1600"]
[BlackElo "1114"]
[PlyCount "47"]
[EventDate "2008.??.??"]

1. d4 d5 2. Nf3 Nf6 3. c3 e6 4. Qc2 Nbd7 5. Nbd2 Be7 6. e3 O-O 7. Bd3 c5 8. b3
b6 9. O-O Bb7 10. Ng5 h6 11. Nh7 Nxh7 12. Bxh7+ Kh8 13. Bd3 Nf6 14. Nf3 Rc8 15.
Qe2 Qc7 16. c4 dxc4 17. Bxc4 Bd6 18. dxc5 Bxc5 19. Bb2 Be7 20. Rac1 Qb8 21.
Rfd1 Rfd8 22. Ne5 Rxd1+ 23. Rxd1 Rd8 24. Nxf7+ 1-0

[Event "K41 Foraars EMT Basisklassen 2008"]
[Site "Valby"]
[Date "2008.04.08"]
[Round "3"]
[White "Wadtland, Flemming"]
[Black "Kristensen, Steffen Michael"]
[Result "1-0"]
[WhiteElo "1202"]
[BlackElo "1139"]
[PlyCount "59"]
[EventDate "2008.??.??"]

1. c4 e5 2. g3 Nf6 3. b3 Bc5 4. e3 O-O 5. d3 d6 6. Bg2 Nbd7 7. Bb2 Rb8 8. Bc3
a6 9. a3 Ba7 10. a4 Re8 11. Nh3 b5 12. axb5 e4 13. d4 Nf8 14. bxa6 Bg4 15. Qc2
Qd7 16. Nf4 Bf3 17. Nd2 Rb6 18. Nxf3 exf3 19. Bxf3 Ne6 20. Nd3 Ng5 21. Bg2 Reb8
22. b4 Qf5 23. Ra5 c5 24. bxc5 Nf3+ 25. Ke2 Nxd4+ 26. Bxd4 dxc5 27. Rxc5 Qg6
28. Rc7 Rb3 29. Rb7 Bxd4 30. Rxb3 1-0

[Event "K41 Foraars EMT Basisklassen 2008"]
[Site "Valby"]
[Date "2008.04.22"]
[Round "4"]
[White "Abildgaard, Kenneth"]
[Black "Krogh, Soren"]
[Result "1-0"]
[WhiteElo "1617"]
[BlackElo "1173"]
[PlyCount "93"]
[EventDate "2008.??.??"]

1. c4 b6 2. g3 Bb7 3. Nf3 e6 4. Bg2 f5 5. O-O Nf6 6. Nc3 Bb4 7. d3 O-O 8. Bd2
Na6 9. Rc1 Qe8 10. a3 Be7 11. b4 Qh5 12. h3 c5 13. b5 Nc7 14. Bf4 Nce8 15. e3
d6 16. d4 Ne4 17. Nxe4 fxe4 18. g4 Qg6 19. Nh2 Bf6 20. dxc5 bxc5 21. Qc2 Rf7
22. Rfd1 e5 23. Bg3 Rd7 24. h4 h5 25. g5 Be7 26. Bxe5 Rad8 27. Bf4 Nc7 28. Nf1
Ne6 29. Ng3 d5 30. cxd5 Bxd5 31. Rxd5 Rxd5 32. Bxe4 Qe8 33. Bxd5 Rxd5 34. Qe4
Qd7 35. Nxh5 Kh8 36. Ng3 Rd3 37. Nf5 Nxf4 38. Qxf4 Rxa3 39. Nxe7 Qxe7 40. g6
Qe6 41. Qf8+ Qg8 42. Qxg8+ Kxg8 43. Rxc5 Kf8 44. Rf5+ Kg8 45. Kg2 a5 46. b6 Rb3
47. Rxa5 1-0

[Event "K41 Foraars EMT Basisklassen 2008"]
[Site "Valby"]
[Date "2008.04.22"]
[Round "4"]
[White "Eiholt, Bjarne"]
[Black "Pedersen, Egmont"]
[Result "1-0"]
[WhiteElo "1331"]
[BlackElo "1114"]
[PlyCount "35"]
[EventDate "2008.??.??"]

1. d4 d5 2. c4 e6 3. Nc3 Nf6 4. cxd5 exd5 5. Bg5 Be7 6. e3 Nbd7 7. Bd3 h6 8.
Bh4 O-O 9. Nge2 c5 10. O-O c4 11. Bf5 a6 12. a4 Nb8 13. Bxc8 Qxc8 14. Bxf6 Bxf6
15. Nxd5 Qd8 16. Nxf6+ Qxf6 17. Nc3 Qd8 18. Qe2 1-0

[Event "K41 Foraars EMT Basisklassen 2008"]
[Site "Valby"]
[Date "2008.04.22"]
[Round "4"]
[White "Hansen, John Laurids"]
[Black "Wadtland, Flemming"]
[Result "1-0"]
[WhiteElo "1636"]
[BlackElo "1202"]
[PlyCount "82"]
[EventDate "2008.??.??"]

1. e4 e5 2. Nf3 Nc6 3. Nc3 Nf6 4. Bc4 Bc5 5. d3 h6 6. Be3 Bb4 7. O-O Bxc3 8.
bxc3 d6 9. Rb1 Na5 10. Nd2 Qe7 11. Bb3 b5 12. Bd5 Nxd5 13. exd5 Bd7 14. Re1 f5
15. f4 g6 16. fxe5 dxe5 17. Bd4 O-O-O 18. Rxe5 Qg5 19. Bxa7 Rhe8 20. Rxe8 Rxe8
21. a4 c6 22. axb5 cxb5 23. Nf3 Qh5 24. Qd2 g5 25. c4 Nb7 26. Bd4 g4 27. Ne5 g3
28. hxg3 Nd6 29. c5 Nc4 30. dxc4 bxc4 31. c6 Bxc6 32. dxc6 Rd8 33. c7 Rd5 34.
c3 Kxc7 35. Nf3 Kc8 36. Qe2 Rd7 37. Qxc4+ Rc7 38. Qe6+ Rd7 39. Qg8+ Rd8 40.
Rb8+ Kxb8 41. Qxd8+ Kb7 1-0

[Event "K41 Foraars EMT Basisklassen 2008"]
[Site "Valby"]
[Date "2008.04.22"]
[Round "4"]
[White "Hou, Mads"]
[Black "Hansen, Soren Otto"]
[Result "1-0"]
[WhiteElo "1564"]
[BlackElo "1557"]
[PlyCount "65"]
[EventDate "2008.??.??"]

1. e4 e5 2. Nf3 Nc6 3. Bc4 Bc5 4. b4 Bxb4 5. c3 Ba5 6. d4 Qe7 7. O-O Nf6 8. Ba3
d6 9. d5 O-O 10. dxc6 Nxe4 11. Qd3 Bf5 12. Qe3 bxc6 13. Bd3 Nxf2 14. Bxf5 Bb6
15. Nd4 Rfe8 16. Qxf2 exd4 17. cxd4 Qf6 18. Bb2 Re7 19. Bd3 Qg5 20. Nd2 Rae8
21. Nf3 Qd5 22. Rfe1 c5 23. Kf1 cxd4 24. Rxe7 Rxe7 25. Re1 Re3 26. Bxd4 Rxe1+
27. Qxe1 Qe6 28. Qxe6 fxe6 29. Bxb6 axb6 30. Nd4 Kf7 31. Nb5 c5 32. Nxd6+ Kf6
33. Nc8 1-0

[Event "K41 Foraars EMT Basisklassen 2008"]
[Site "Valby"]
[Date "2008.04.22"]
[Round "4"]
[White "Kristensen, Steffen Michael"]
[Black "Mikkelsen, Henning Peter"]
[Result "0-1"]
[WhiteElo "1139"]
[BlackElo "1357"]
[PlyCount "38"]
[EventDate "2008.??.??"]

1. Nf3 f5 2. g3 Nf6 3. d4 e6 4. Bg2 d6 5. O-O Be7 6. c3 O-O 7. Nbd2 Qe8 8. Re1
Nbd7 9. e4 fxe4 10. Nxe4 Rb8 11. Neg5 e5 12. dxe5 dxe5 13. Qb3+ Kh8 14. Nxe5
Nxe5 15. Rxe5 Ng4 16. Qc2 Qh5 17. Rxe7 Qxh2+ 18. Kf1 Bf5 19. Qe2 Bd3 0-1

[Event "K41 Foraars EMT Basisklassen 2008"]
[Site "Valby"]
[Date "2008.04.22"]
[Round "4"]
[White "Petersen, Jan Han Il Nam"]
[Black "Nielsen, Soren Skovso"]
[Result "1-0"]
[WhiteElo "1610"]
[BlackElo "1600"]
[PlyCount "91"]
[EventDate "2008.??.??"]

1. e4 c5 2. Nf3 d6 3. d4 cxd4 4. Nxd4 a6 5. Nc3 Nf6 6. Be2 e6 7. O-O Be7 8. Be3
Bd7 9. f4 Nc6 10. Qd2 Qc7 11. Kh1 O-O 12. f5 Nxd4 13. Bxd4 e5 14. Be3 Bc6 15.
Bf3 Rac8 16. g4 d5 17. exd5 Rfd8 18. Qg2 e4 19. Bxe4 Nxe4 20. dxc6 Nxc3 21.
cxb7 Rb8 22. bxc3 Rxb7 23. g5 Bf8 24. Bd4 Qc8 25. g6 fxg6 26. fxg6 h6 27. Rf3
Rb5 28. h4 Rh5 29. Raf1 Rxh4+ 30. Kg1 Bd6 31. Rf7 Bf8 32. R1f5 Qe6 33. Rxf8+
Rxf8 34. Rxf8+ Kxf8 35. Qf2+ Kg8 36. Qxh4 Qxg6+ 37. Kf1 Qf7+ 38. Ke1 Qxa2 39.
Qd8+ Kh7 40. Qe7 Qg8 41. c4 h5 42. c5 Kg6 43. Qe4+ Kh6 44. Be3+ g5 45. Qf5 Qg7
46. Qxg5+ 1-0

[Event "K41 Foraars EMT Basisklassen 2008"]
[Site "Valby"]
[Date "2008.04.29"]
[Round "5"]
[White "Krogh, Soren"]
[Black "Petersen, Jan Han Il Nam"]
[Result "0-1"]
[WhiteElo "1173"]
[BlackElo "1610"]
[PlyCount "116"]
[EventDate "2008.??.??"]

1. b3 Nc6 2. Bb2 e5 3. e3 Nf6 4. Bb5 d6 5. Ne2 Be7 6. f4 O-O 7. O-O exf4 8.
Nxf4 Bg4 9. Qe1 Nb4 10. Na3 c6 11. Be2 Bxe2 12. Qxe2 Re8 13. Rf3 Bf8 14. Rh3
Ne4 15. Qh5 Ng5 16. Rg3 Ne4 17. Rf3 g6 18. Qg4 f5 19. Qh3 Ng5 20. Qg3 Nxf3+ 21.
gxf3 Kf7 22. h4 Bh6 23. Ng2 d5 24. c4 Qe7 25. Bd4 Nd3 26. Nc2 c5 27. Bc3 dxc4
28. bxc4 Rad8 29. a4 Ne5 30. Na3 a6 31. a5 Qe6 32. Rb1 Rd7 33. Rb6 Nc6 34. Nf4
Bxf4 35. Qxf4 g5 36. hxg5 Rg8 37. Kf2 Qg6 38. Ke2 Qxg5 39. Qh2 h5 40. Nc2 h4
41. Rb1 Qg2+ 42. Qxg2 Rxg2+ 43. Kf1 h3 44. Ne1 Rg6 45. Kf2 Ke6 46. f4 Rdg7 47.
Nf3 Rg2+ 48. Kf1 R7g3 49. Ng5+ Kd6 50. Nxh3 Rh2 51. Nf2 Rf3 52. Be5+ Nxe5 53.
fxe5+ Kxe5 54. Rxb7 Rfxf2+ 55. Ke1 Re2+ 56. Kf1 Rxd2 57. Kg1 Rb2 58. Ra7 Rhc2
0-1

[Event "K41 Foraars EMT Basisklassen 2008"]
[Site "Valby"]
[Date "2008.04.29"]
[Round "5"]
[White "Mikkelsen, Henning Peter"]
[Black "Abildgaard, Kenneth"]
[Result "0-1"]
[WhiteElo "1357"]
[BlackElo "1617"]
[PlyCount "38"]
[EventDate "2008.??.??"]

1. e4 b6 2. d4 d5 3. Nc3 dxe4 4. f3 e5 5. Be3 Bb7 6. fxe4 exd4 7. Bxd4 Nc6 8.
Nf3 Nxd4 9. Qxd4 Qxd4 10. Nxd4 O-O-O 11. O-O-O Nf6 12. Bc4 Bc5 13. Ndb5 a6 14.
Na7+ Kb8 15. Bxa6 Kxa7 16. Bxb7 Kxb7 17. e5 Ng4 18. Rde1 Rhe8 19. Re4 Nf2 0-1

[Event "K41 Foraars EMT Basisklassen 2008"]
[Site "Valby"]
[Date "2008.04.29"]
[Round "5"]
[White "Nielsen, Soren Skovso"]
[Black "Kristensen, Steffen Michael"]
[Result "1-0"]
[WhiteElo "1600"]
[BlackElo "1139"]
[PlyCount "47"]
[EventDate "2008.??.??"]

1. d4 f5 2. Nf3 e6 3. Nbd2 Nf6 4. e3 Be7 5. Bd3 O-O 6. c3 b6 7. O-O Bb7 8. Qc2
Qe8 9. Re1 Qg6 10. e4 fxe4 11. Nxe4 Nxe4 12. Bxe4 Bxe4 13. Qxe4 Qxe4 14. Rxe4
Nc6 15. Bd2 Rf7 16. Rae1 Raf8 17. R1e2 Na5 18. Ne5 Rf5 19. Nxd7 R8f7 20. Rxe6
Bf8 21. Ne5 R7f6 22. Re8 Nb7 23. g4 Nd6 24. Ra8 1-0

[Event "K41 Foraars EMT Basisklassen 2008"]
[Site "Valby"]
[Date "2008.04.29"]
[Round "5"]
[White "Pedersen, Egmont"]
[Black "Hansen, John Laurids"]
[Result "0-1"]
[WhiteElo "1114"]
[BlackElo "1636"]
[PlyCount "65"]
[EventDate "2008.??.??"]

1. Nf3 d5 2. d4 Nf6 3. e3 g6 4. Nbd2 Bg7 5. b3 O-O 6. c4 c6 7. Bb2 Bf5 8. Nh4
Bg4 9. Be2 Bxe2 10. Qxe2 Re8 11. Nhf3 e6 12. O-O Nbd7 13. Qd1 Qc7 14. cxd5 exd5
15. Qc2 Nf8 16. Rac1 Ne6 17. Rfe1 Rac8 18. e4 dxe4 19. Nxe4 Nd5 20. Nc5 Nef4
21. Nd3 Rcd8 22. g3 Nxd3 23. Qxd3 Bh6 24. Rcd1 Qd7 25. Kg2 Bg7 26. Rxe8+ Rxe8
27. Re1 Rxe1 28. Nxe1 Nb4 29. Qb1 Bxd4 30. Bxd4 Qxd4 31. Nf3 Qd5 32. a3 Nd3 33.
Qd1 0-1

[Event "K41 Foraars EMT Basisklassen 2008"]
[Site "Valby"]
[Date "2008.05.06"]
[Round "6"]
[White "Abildgaard, Kenneth"]
[Black "Hansen, Soren Otto"]
[Result "0-1"]
[WhiteElo "1617"]
[BlackElo "1557"]
[PlyCount "64"]
[EventDate "2008.??.??"]

1. e4 e5 2. Nf3 Nc6 3. Bc4 Bc5 4. c3 Qe7 5. O-O d6 6. d4 Bb6 7. Bb5 Bd7 8. Bg5
Nf6 9. d5 Nb8 10. Be2 h6 11. Bh4 g5 12. Bg3 Nxe4 13. Nbd2 Nxg3 14. hxg3 Bf5 15.
Re1 Nd7 16. Nd4 Qf6 17. g4 Bg6 18. N2f3 O-O-O 19. Nc6 Rde8 20. Qa4 bxc6 21.
Ba6+ Kd8 22. Qxc6 Qf4 23. Bb5 Qxg4 24. Re2 Bf5 25. Rae1 f6 26. Nh2 Qh5 27. Qc4
g4 28. Nf1 Qg6 29. Ng3 h5 30. a4 h4 31. a5 hxg3 32. axb6 Rh1+ 0-1